000 00455nam a2200169Ia 4500
005 20250923150028.0
008 008 250917s9999 xx 000 0 eng d
037 _aReports
040 _aDSWL
_beng
_cDSWL
041 _aeng
_2eng
084 _qDSWL
245 0 _aOperational land holding in India 1991-92 report 407
_c by N.S.S.O. India
260 _aNew Delhi
_bN.S.S.O.
_c1997
300 _a45162 p.
942 _cREP
999 _c1458715
_d1458715